000 00625nam a2200229Ia 4500
003 OSt
005 20220918192632.0
006 a|||||r|||| 00| 0
007 ta
008 220917b |||||||| |||| 00| 0 eng d
024 _a69,327
037 _cTextual
040 _aARTS
_cARTS
_beng
041 _2eng
_aeng
082 _aQ4:33, E1;L9.1.2
100 _aBigansdet P
_979612
245 0 _aLife or legend of goyama the Buddha of the Burmese
260 _avaranasi
_bBharatiya Pub House
_c1979
650 _aRELIGION
942 _hQ4:33, E1;L9.1.2
_cTEXL
_2CC
999 _c195483
_d195483